[Event "Scarborough CC Winter Swiss"]
[Site "Toronto CAN"]
[Date "2025.03.20"]
[Round "4.4"]
[White "Southam, David"]
[Black "Ugodnikov, Arkadiy"]
[Result "1-0"]
[WhiteElo "2045"]
[BlackElo "1755"]
[WhiteFideId "-1"]
[WhiteFideId "-1"]
[PlyCount "75"]
[GameId "2228165756727638"]
[EventDate "2025.02.13"]
[EventType "swiss"]
[EventRounds "7"]
[EventCountry "CAN"]

1. d4 d5 2. c4 c6 3. Nf3 Nf6 4. e3 e6 5. b3 Nbd7 6. Bb2 Bb4+ 7. Nbd2 Qe7 8. Be2 O-O 9. O-O Bd6 10. Ne5 h6 11. Bd3 Ba3 12. Qc1 Bxb2 13. Qxb2 c5 14. e4 cxd4 15. Qxd4 dxe4 16. Nxe4 Rd8 17. Rad1 Nxe5 18. Qxe5 Nxe4 19. Bxe4 a5 20. Bf3 Ra6 21. Rxd8+ Qxd8 22. Rd1 Qe7 23. Qb8 Kh7 24. Qxc8 Rd6 25. Rxd6 Qxd6 26. g3 b6 27. Qc6 Qb4 28. Kg2 g6 29. h4 h5 30. c5 bxc5 31. Qb7 Qxb7 32. Bxb7 Kg7 33. Kf3 Kf6 34. Ke4 Ke7 35. f3 Kd6 36. g4 f6 37. gxh5 gxh5 38. f4 1-0

[Event "Scarborough CC Winter Swiss"]
[Site "Toronto CAN"]
[Date "2025.03.20"]
[Round "4.5"]
[White "Chen, Larry Zhou"]
[Black "Ajith, Aarush"]
[Result "1-0"]
[WhiteElo "1961"]
[BlackElo "2034"]
[WhiteFideId "-1"]
[WhiteFideId "-1"]
[PlyCount "69"]
[GameId "2228657651878505"]
[EventDate "2025.02.13"]
[EventType "swiss"]
[EventRounds "7"]
[EventCountry "CAN"]

1. d4 Nf6 2. c4 g6 3. f3 Bg7 4. e4 d6 5. Nc3 O-O 6. Be3 Nbd7 7. Qd2 e5 8. d5 a5 9. Bd3 b6 10. Nge2 Nc5 11. Bc2 Ne8 12. O-O f5 13. exf5 Bxf5 14. Ng3 Bxc2 15. Qxc2 Nf6 16. Bg5 Qd7 17. Qd2 Rae8 18. Bxf6 Bxf6 19. Nge4 Qg7 20. Nxc5 bxc5 21. Ne4 Ra8 22. a3 a4 23. b4 axb3 24. a4 Rfb8 25. a5 Rb4 26. Qd3 b2 27. Ra2 Rab8 28. Rb1 Kf7 29. Qc3 Qh8 30. Raxb2 Rxb2 31. Rxb2 Rxb2 32. Qxb2 Qa8 33. Qb5 Ke7 34. a6 Kd8 35. Nxf6 1-0

[Event "Scarborough CC Winter Swiss"]
[Site "Toronto CAN"]
[Date "2025.03.20"]
[Round "4.6"]
[White "Hong, Zihan"]
[Black "Zhang, Daniel"]
[Result "1-0"]
[WhiteElo "1953"]
[BlackElo "2096"]
[WhiteFideId "-1"]
[WhiteFideId "-1"]
[PlyCount "95"]
[GameId "2228278809682167"]
[EventDate "2025.02.13"]
[EventType "swiss"]
[EventRounds "7"]
[EventCountry "CAN"]

1. d4 d5 2. Bf4 Nf6 3. e3 c5 4. dxc5 Nc6 5. Bb5 Ne4 6. b4 e6 7. c3 Qf6 8. Ne2 g5 9. Bg3 h5 10. Qd4 Qh6 11. Be5 f6 12. Bc7 Rh7 13. Ba5 Bg7 14. f3 f5 15. Qd3 Nf6 16. Nd4 Bd7 17. Nxc6 bxc6 18. Ba6 g4 19. Nd2 gxf3 20. gxf3 Kf7 21. Bc7 Ne8 22. Bg3 h4 23. Bf2 Qf6 24. Rc1 Nc7 25. Qe2 e5 26. Bd3 Ne6 27. Rg1 a5 28. Nb3 axb4 29. cxb4 Ng5 30. Bb1 Re8 31. Nd2 Rh6 32. a3 e4 33. f4 Nh3 34. Rg2 d4 35. Nc4 Qe7 36. Nd6+ Rxd6 37. Qh5+ Kf8 38. cxd6 Qxd6 39. Ba2 Be6 40. Rxg7 Kxg7 41. Qxe8 Bxa2 42. Rxc6 dxe3 43. Rxd6 exf2+ 44. Kd2 f1=Q 45. Qg6+ Kf8 46. Rd8+ Ke7 47. Qd6+ Kf7 48. Rf8+ 1-0

[Event "Scarborough CC Winter Swiss"]
[Site "Toronto CAN"]
[Date "2025.03.20"]
[Round "4.7"]
[White "Jaferian, Koosha"]
[Black "Lin, Ryder"]
[Result "1-0"]
[WhiteElo "2462"]
[BlackElo "1744"]
[WhiteFideId "-1"]
[WhiteFideId "-1"]
[PlyCount "65"]
[GameId "2228280835625215"]
[EventDate "2025.02.13"]
[EventType "swiss"]
[EventRounds "7"]
[EventCountry "CAN"]

1. e4 e5 2. Nf3 Nc6 3. Bb5 Nf6 4. d3 Bc5 5. c3 d6 6. Nbd2 O-O 7. h3 Ne7 8. Nf1 Ng6 9. Be3 Bb6 10. Qd2 Bd7 11. Bxd7 Qxd7 12. Ng3 d5 13. Bxb6 axb6 14. Qc2 dxe4 15. dxe4 Qb5 16. a4 Qa6 17. Ne2 Nf4 18. Nxf4 exf4 19. e5 Rfe8 20. O-O-O Nh5 21. Ng5 g6 22. Qb3 Re7 23. e6 f6 24. Rd7 Rae8 25. Ne4 Rxe6 26. Rxc7 Kh8 27. Rd1 Qe2 28. f3 Qe3+ 29. Kb1 Rxe4 30. fxe4 Qxe4+ 31. Ka2 Ra8 32. Rd4 Qe8 33. Rdd7 1-0

[Event "Scarborough CC Winter Swiss"]
[Site "Toronto CAN"]
[Date "2025.03.20"]
[Round "4.8"]
[White "Blakely, Matt"]
[Black "Satish Alwar, Dharsan"]
[Result "1-0"]
[WhiteElo "2079"]
[BlackElo "1743"]
[WhiteFideId "-1"]
[WhiteFideId "-1"]
[PlyCount "75"]
[GameId "2228282210869511"]
[EventDate "2025.02.13"]
[EventType "swiss"]
[EventRounds "7"]
[EventCountry "CAN"]

1. d4 d5 2. c4 e6 3. Nf3 Nf6 4. Nc3 c6 5. Bg5 Bd6 6. e4 dxe4 7. Nxe4 Be7 8. Nxf6+ Bxf6 9. Bxf6 Qxf6 10. Be2 Nd7 11. O-O O-O 12. Re1 b6 13. a4 a5 14. Qb3 Ba6 15. Bf1 Rfb8 16. Rad1 h6 17. Re3 Rb7 18. Ne5 Nxe5 19. dxe5 Qe7 20. Rd6 Rc8 21. g3 Rbb8 22. Bg2 Qe8 23. f4 g6 24. g4 c5 25. f5 Rd8 26. fxe6 fxe6 27. Bc6 Qe7 28. Qd3 Kg7 29. b3 Qg5 30. h3 Rbc8 31. Bd7 Rb8 32. Rxe6 Bc8 33. Rd6 Bxd7 34. Rxd7+ Kh8 35. e6 Rxd7 36. exd7 Rd8 37. Re8+ Kh7 38. Qc3 1-0

[Event "Scarborough CC Winter Swiss"]
[Site "Toronto CAN"]
[Date "2025.03.20"]
[Round "4.9"]
[White "Gummadi, Bhargav Ram"]
[Black "Ma, Quentin"]
[Result "1-0"]
[WhiteElo "1752"]
[BlackElo "1855"]
[WhiteFideId "-1"]
[WhiteFideId "-1"]
[PlyCount "81"]
[GameId "2228286016270607"]
[EventDate "2025.02.13"]
[EventType "swiss"]
[EventRounds "7"]
[EventCountry "CAN"]

1. e4 e5 2. Nf3 Nc6 3. d4 exd4 4. Nxd4 Bc5 5. Nb3 Bb6 6. Nc3 Nf6 7. Bd3 d6 8. h3 h6 9. O-O O-O 10. Re1 Ne5 11. Bf4 Nxd3 12. Qxd3 Bd7 13. Rad1 Bc6 14. Be3 Nd7 15. Bxb6 Ne5 16. Qg3 axb6 17. Nd4 Bd7 18. Nf5 Bxf5 19. exf5 f6 20. Re4 Qd7 21. f4 Nc6 22. Qg4 Rae8 23. Re6 Nd8 24. Rxe8 Rxe8 25. Nd5 Kh8 26. Qg6 Nf7 27. Rd3 Rf8 28. Nxf6 gxf6 29. Qxf6+ Kh7 30. Qg6+ Kh8 31. Rg3 Ng5 32. fxg5 Qxf5 33. Qxh6+ Kg8 34. g6 Qd7 35. g7 Re8 36. Qh8+ Kf7 37. g8=Q+ Rxg8 38. Qxg8+ Kf6 39. Rf3+ Ke5 40. Qg5+ Kd4 41. c3+ 1-0

[Event "Scarborough CC Winter Swiss"]
[Site "Toronto CAN"]
[Date "2025.03.20"]
[Round "4.10"]
[White "Vetrivel, Jai Hanuj"]
[Black "Mutyalapati, Modith Aaroh"]
[Result "0-1"]
[WhiteElo "1636"]
[BlackElo "2174"]
[WhiteFideId "-1"]
[WhiteFideId "-1"]
[PlyCount "154"]
[GameId "2228475602878743"]
[EventDate "2025.02.13"]
[EventType "swiss"]
[EventRounds "7"]
[EventCountry "CAN"]

1. c4 Nf6 2. Nc3 e6 3. d4 Bb4 4. a3 Bxc3+ 5. bxc3 d5 6. Bf4 c5 7. Nf3 Nc6 8. h3 Qa5 9. cxd5 Nxd4 10. Nxd4 Qxc3+ 11. Bd2 Qxd4 12. dxe6 fxe6 13. Be3 Qc3+ 14. Bd2 Qe5 15. g3 Qd5 16. Rg1 O-O 17. Bg2 Qf5 18. g4 Nxg4 19. Bf3 Nh2 20. Rg3 Nxf3+ 21. Rxf3 Qg6 22. Rg3 Qf6 23. Rg2 Bd7 24. Bg5 Qc3+ 25. Kf1 Bb5 26. Qc1 Qxh3 27. Kg1 Bc6 28. f3 Qf5 29. Bh6 Rf7 30. Qc3 e5 31. Rd1 Qe6 32. Be3 b6 33. Rg5 Rf5 34. Rxf5 Qxf5 35. Rd6 Rc8 36. Qc4+ Kh8 37. Qa6 Qf8 38. Bxc5 bxc5 39. Rxc6 Rxc6 40. Qxc6 h6 41. Qb7 c4 42. Qxa7 Qc8 43. Qa4 c3 44. Qc2 Qc5+ 45. Kg2 Qxa3 46. Qg6 Qc5 47. Qc2 Kg8 48. Qb3+ Kh8 49. Qc2 Qd4 50. Qf5 Qd8 51. Qc2 Qd2 52. Qa4 Qg5+ 53. Kf2 Qf4 54. Qc6 e4 55. Qxc3 h5 56. Qc8+ Kh7 57. Qh3 e3+ 58. Kf1 h4 59. Kg2 Kh6 60. Qe6+ g6 61. Qe8 Qg3+ 62. Kh1 Qe1+ 63. Kh2 Qxe2+ 64. Kh3 Qxf3+ 65. Kh2 Qf4+ 66. Kh1 Kg5 67. Qe7+ Kg4 68. Qe6+ Qf5 69. Qc4+ Kh3 70. Qe2 Qe4+ 71. Kg1 Qg4+ 72. Qxg4+ Kxg4 73. Kg2 h3+ 74. Kg1 Kg3 75. Kf1 h2 76. Ke2 h1=Q 77. Kxe3 Qe1+ 0-1

[Event "Scarborough CC Winter Swiss"]
[Site "Toronto CAN"]
[Date "2025.03.20"]
[Round "4.11"]
[White "Gao, Yiguo"]
[Black "Chen, Timmy"]
[Result "1-0"]
[WhiteElo "1620"]
[BlackElo "1755"]
[WhiteFideId "-1"]
[WhiteFideId "-1"]
[PlyCount "79"]
[GameId "2228480264847650"]
[EventDate "2025.02.13"]
[EventType "swiss"]
[EventRounds "7"]
[EventCountry "CAN"]

1. e4 c5 2. Nf3 d6 3. c3 Nf6 4. Be2 Nc6 5. d4 cxd4 6. cxd4 Nxe4 7. d5 Qa5+ 8. Nc3 Nxc3 9. bxc3 Nb8 10. Rb1 g6 11. Bb5+ Nd7 12. Qd4 Qxa2 13. Rb2 Qa1 14. O-O Rg8 15. Qb4 b6 16. Be3 Qa5 17. Qxa5 bxa5 18. Bc6 Ba6 19. Bxa8 Bxf1 20. Bc6 Kd8 21. Kxf1 e5 22. Bxd7 Kxd7 23. Rb7+ Ke8 24. Bg5 f5 25. Rxa7 h6 26. Bd2 g5 27. Rxa5 Kf7 28. Ra7+ Be7 29. Ne1 Rc8 30. Nd3 Kf6 31. Nb4 Rc5 32. Ke2 Bf8 33. Nc6 Rxd5 34. Ra8 Bg7 35. Re8 Rc5 36. Nd8 Kg6 37. Re6+ Bf6 38. Rxd6 Rc8 39. Nc6 e4 40. Ne7+ 1-0

[Event "Scarborough CC Winter Swiss"]
[Site "Toronto CAN"]
[Date "2025.03.20"]
[Round "4.12"]
[White "Dhingra, Tanishq Kumar"]
[Black "Chamberland, Luc"]
[Result "1-0"]
[WhiteElo "1603"]
[BlackElo "1736"]
[WhiteFideId "-1"]
[WhiteFideId "-1"]
[PlyCount "85"]
[GameId "2228481766633770"]
[EventDate "2025.02.13"]
[EventType "swiss"]
[EventRounds "7"]
[EventCountry "CAN"]

1. Nf3 d5 2. g3 Nf6 3. Bg2 e6 4. O-O b6 5. d4 c5 6. Ne5 Be7 7. c4 O-O 8. Nc3 Bb7 9. h4 Nc6 10. cxd5 Nxd5 11. Nxd5 exd5 12. Nxc6 Bxc6 13. Bf4 Re8 14. Rc1 Rc8 15. Bh3 Bd7 16. Bg2 Be6 17. Re1 Qd7 18. Kh2 c4 19. e4 dxe4 20. Bxe4 Bf6 21. d5 Bf5 22. Bxf5 Qxf5 23. Rxc4 Rxe1 24. Qxe1 h6 25. Rxc8+ Qxc8 26. d6 Bxb2 27. Qe7 Bf6 28. d7 Qd8 29. Qe8+ Kh7 30. Be5 Bxh4 31. Qxf7 Qe7 32. Qe8 Bg5 33. f4 Qc5 34. fxg5 Qc2+ 35. Kh3 Qf5+ 36. Kg2 Qe4+ 37. Kf2 Qc2+ 38. Ke3 Qc1+ 39. Ke4 Qc2+ 40. Kd5 Qxa2+ 41. Kd6 Qd2+ 42. Kc7 Qc2+ 43. Kb8 1-0

[Event "Scarborough CC Winter Swiss"]
[Site "Toronto CAN"]
[Date "2025.03.20"]
[Round "4.13"]
[White "Yang, Lucy"]
[Black "Kola, Venkata Saket Reddy"]
[Result "1/2-1/2"]
[WhiteElo "1674"]
[BlackElo "1701"]
[WhiteFideId "-1"]
[WhiteFideId "-1"]
[PlyCount "130"]
[GameId "2228483364077874"]
[EventDate "2025.02.13"]
[EventType "swiss"]
[EventRounds "7"]
[EventCountry "CAN"]

1. e4 c6 2. d4 d5 3. exd5 cxd5 4. Bd3 Nf6 5. h3 Nc6 6. Nf3 e6 7. O-O Bd6 8. Re1 h6 9. b3 O-O 10. Bb2 Bd7 11. Nbd2 Rc8 12. Ne5 Nb4 13. Ndf3 Nxd3 14. Qxd3 b5 15. a4 b4 16. Rac1 Ne4 17. Nd2 Bxe5 18. dxe5 Nc3 19. Nb1 Nxb1 20. Rxb1 Qc7 21. Rbc1 Bc6 22. c3 bxc3 23. Rxc3 Qb7 24. Rec1 Bd7 25. Rxc8 Rxc8 26. Rxc8+ Qxc8 27. Qc3 Qb7 28. Ba3 Bc6 29. Qb4 Qa8 30. f3 a6 31. Qb6 Qb7 32. Qxb7 Bxb7 33. Bc5 Kh7 34. Kf2 Kg6 35. g4 h5 36. Kg3 hxg4 37. hxg4 f6 38. f4 Bc6 39. a5 f5 40. g5 Bb5 41. b4 Kf7 42. Bd4 Ke7 43. Kh4 g6 44. Kg3 Kd7 45. Kf3 Kc6 46. Ke3 Bc4 47. Bc5 Kb5 48. Kd4 Ka4 49. Bd6 Kb3 50. Bc5 Kc2 51. Ke3 Kc3 52. Bb6 Kxb4 53. Kd4 Kb3 54. Ke3 Kc2 55. Bd4 Bb3 56. Bb6 Kc3 57. Bc5 Kc4 58. Bd4 Bd1 59. Bb6 Bh5 60. Bd4 Be2 61. Ba7 Bf1 62. Bd4 Kb4 63. Bb6 Kb5 64. Kd4 Bg2 65. Kc3 Bh1 1/2-1/2

[Event "Scarborough CC Winter Swiss"]
[Site "Toronto CAN"]
[Date "2025.03.20"]
[Round "4.14"]
[White "Balakrishnan, Shankar"]
[Black "Surendran, Siddharth"]
[Result "1/2-1/2"]
[WhiteElo "1748"]
[BlackElo "1618"]
[WhiteFideId "-1"]
[WhiteFideId "-1"]
[PlyCount "118"]
[GameId "2228485519618362"]
[EventDate "2025.02.13"]
[EventType "swiss"]
[EventRounds "7"]
[EventCountry "CAN"]

1. e4 e6 2. d4 d5 3. Nd2 Nf6 4. e5 Nfd7 5. Bd3 c5 6. c3 Nc6 7. Ne2 cxd4 8. cxd4 f6 9. Nf4 Nxd4 10. Qh5+ Ke7 11. Ng6+ hxg6 12. exf6+ Nxf6 13. Qxh8 Kf7 14. Qh4 e5 15. Nf3 Bb4+ 16. Kf1 Nxf3 17. Qxb4 Nd4 18. Be3 Nc6 19. Qc5 Be6 20. f3 Rc8 21. Bg5 b6 22. Qc2 Ne7 23. Qe2 Qd6 24. Re1 Nc6 25. Qc2 Ne7 26. Qf2 Nc6 27. g4 Nb4 28. Bb1 d4 29. b3 Nfd5 30. a3 Nc6 31. Qb2 Nc3 32. Bd3 Qd5 33. Be4 Nxe4 34. Rxe4 Qxb3 35. Qxb3 Bxb3 36. Kf2 d3 37. Rc1 Bc2 38. Ke3 Na5 39. Kf2 Nb3 40. Rxe5 Nxc1 41. Bxc1 Rc5 42. Re4 g5 43. Re3 Rd5 44. Ke1 Kf6 45. Bb2+ Kf7 46. Kd2 a5 47. Re4 Rb5 48. Bc3 Rb1 49. Rd4 Ke6 50. Rd8 g6 51. Rc8 Kf7 52. Rc7+ Kf8 53. Rd7 Rh1 54. Rh7 Rg1 55. Rh3 Rg2+ 56. Kc1 Bb3 57. Bd2 Rg1+ 58. Kb2 Bc2 59. Kc3 Rb1 1/2-1/2

[Event "Scarborough CC Winter Swiss"]
[Site "Toronto CAN"]
[Date "2025.03.27"]
[Round "5.1"]
[White "Deepak, Laksshana"]
[Black "Kola, Venkat Karthikeya R"]
[Result "1/2-1/2"]
[WhiteElo "2145"]
[BlackElo "2073"]
[WhiteFideId "-1"]
[WhiteFideId "-1"]
[PlyCount "116"]
[GameId "2228657651878506"]
[EventDate "2025.02.13"]
[EventType "swiss"]
[EventRounds "7"]
[EventCountry "CAN"]

1. Nf3 Nf6 2. b3 d5 3. Bb2 e6 4. e3 Be7 5. Be2 Nbd7 6. O-O O-O 7. d4 b6 8. Nbd2 Bb7 9. c4 c5 10. Rc1 Rc8 11. Rc2 a6 12. dxc5 Nxc5 13. Qa1 Ncd7 14. Rfc1 dxc4 15. Nxc4 b5 16. Nce5 Nxe5 17. Bxe5 Rxc2 18. Rxc2 Bd6 19. Bb2 Qe7 20. h3 Be4 21. Rc1 Ba3 22. Nd4 Bxb2 23. Qxb2 Qb7 24. Bf3 Bxf3 25. Nxf3 Rc8 26. Nd4 Nd5 27. Kf1 b4 28. Ne2 h6 29. Qd2 a5 30. e4 Nf6 31. f3 e5 32. Rc2 Qa6 33. Ke1 Qa8 34. Ng3 Rd8 35. Qe3 Rc8 36. Rc1 Rxc1+ 37. Qxc1 a4 38. bxa4 Qxa4 39. Qc4 Qa7 40. Kf1 Qa3 41. Qc8+ Kh7 42. Qf5+ g6 43. Qxe5 Qc1+ 44. Kf2 Qc2+ 45. Ne2 Nh5 46. g4 Ng7 47. Qd5 Qc7 48. e5 Qa7+ 49. Qd4 Qa3 50. Qc4 Ne6 51. f4 Qxh3 52. Qxb4 Qxg4 53. Qe7 Kg8 54. Ke3 Qh3+ 55. Kf2 Qh2+ 56. Kf3 Qh3+ 57. Kf2 Qh2+ 58. Kf3 Qh3+ 1/2-1/2

[Event "Scarborough CC Winter Swiss"]
[Site "Toronto CAN"]
[Date "2025.03.27"]
[Round "5.2"]
[White "Pan, Julian"]
[Black "Chen, Larry Zhou"]
[Result "0-1"]
[WhiteElo "1847"]
[BlackElo "1961"]
[WhiteFideId "-1"]
[WhiteFideId "-1"]
[PlyCount "102"]
[GameId "2228527157547308"]
[EventDate "2025.02.13"]
[EventType "swiss"]
[EventRounds "7"]
[EventCountry "CAN"]

1. e4 c6 2. d4 d5 3. exd5 cxd5 4. c4 Nf6 5. Nc3 Nc6 6. cxd5 Nxd5 7. Qb3 e6 8. Nf3 Be7 9. Bb5 O-O 10. Bxc6 bxc6 11. O-O Ba6 12. Nxd5 cxd5 13. Re1 Rb8 14. Qe3 Qd6 15. b3 Rfc8 16. Bd2 Bd8 17. Rac1 Bb6 18. Qg5 Qa3 19. Qg3 Rxc1 20. Bxc1 Qf8 21. Ba3 Qe8 22. Bd6 Rc8 23. h4 Rc2 24. h5 f6 25. h6 g6 26. Qf4 Qf7 27. Rc1 Rc8 28. Re1 Re8 29. a4 Bd3 30. Qd2 Be4 31. Nh2 g5 32. f3 Bf5 33. a5 Bc7 34. Qb4 Qd7 35. Bxc7 Qxc7 36. Qc5 Qxc5 37. dxc5 Kf7 38. Re2 Rb8 39. Rb2 Rb4 40. Nf1 Ke7 41. Ne3 Bd3 42. Nd1 Kd7 43. Nc3 Bc4 44. Na2 Rb5 45. Nc3 Rxb3 46. Rxb3 Bxb3 47. Nb5 Ba4 48. Nd4 Ke7 49. c6 Kd6 50. c7 Bd7 51. Nb5+ Kc6 0-1

[Event "Scarborough CC Winter Swiss"]
[Site "Toronto CAN"]
[Date "2025.03.27"]
[Round "5.4"]
[White "Jeyakumar, Yathushan"]
[Black "Jaferian, Koosha"]
[Result "0-1"]
[WhiteElo "1762"]
[BlackElo "2462"]
[WhiteFideId "-1"]
[WhiteFideId "-1"]
[PlyCount "130"]
[GameId "2228552104395068"]
[EventDate "2025.02.13"]
[EventType "swiss"]
[EventRounds "7"]
[EventCountry "CAN"]

1. e4 c6 2. d4 d5 3. Nc3 dxe4 4. Nxe4 Bf5 5. Ng3 Bg6 6. h4 h6 7. Nf3 Nd7 8. Bd3 Bxd3 9. Qxd3 e6 10. Bf4 Qa5+ 11. c3 Ngf6 12. O-O Be7 13. Rfe1 Nd5 14. Bd2 Qc7 15. a3 Rd8 16. c4 N5f6 17. Qe2 O-O 18. b4 Rfe8 19. Ne5 Nxe5 20. dxe5 Nd7 21. Bf4 Nf8 22. h5 Nh7 23. Ne4 c5 24. Qg4 Kh8 25. Nd6 Bxd6 26. exd6 Qc6 27. b5 Qd7 28. Re3 f6 29. Qg6 e5 30. Bg3 Qxd6 31. Rae1 Nf8 32. Qf5 Qe6 33. Qf3 b6 34. Bh4 Rd4 35. Re4 Nh7 36. Rxd4 cxd4 37. Qb7 Qe7 38. Qc6 Qe6 39. Qb7 Qxc4 40. Qd7 Rg8 41. Bg3 Qc3 42. Rd1 Qxa3 43. Qe6 Ng5 44. Qf5 Qb3 45. Rc1 Qxb5 46. Rc8 Qb3 47. Rc7 a5 48. Qg6 a4 49. Bh4 Qd1+ 50. Kh2 Qg4 51. Bxg5 Qxg5 52. Qf7 e4 53. Re7 Qf5 54. Re6 d3 55. Rxb6 d2 56. Rb1 e3 57. Rd1 e2 58. Rxd2 Qf4+ 59. g3 Qxd2 60. Qa7 e1=Q 61. Kg2 Qe4+ 62. Kh2 Qd1 63. f3 Qexf3 64. Qg1 Qde2+ 65. Kh3 Qg4# 0-1

[Event "Scarborough CC Winter Swiss"]
[Site "Toronto CAN"]
[Date "2025.03.27"]
[Round "5.5"]
[White "Mutyalapati, Modith Aaroh"]
[Black "Ugodnikov, Arkadiy"]
[Result "1-0"]
[WhiteElo "2174"]
[BlackElo "1755"]
[WhiteFideId "-1"]
[WhiteFideId "-1"]
[PlyCount "49"]
[GameId "2228567848778631"]
[EventDate "2025.02.13"]
[EventType "swiss"]
[EventRounds "7"]
[EventCountry "CAN"]

1. e4 e5 2. Nf3 Nc6 3. Bb5 a6 4. Bxc6 dxc6 5. Nc3 Qd6 6. d4 exd4 7. Nxd4 Bd7 8. Be3 O-O-O 9. Qe2 Qg6 10. O-O-O f6 11. f4 Bg4 12. Nxc6 Rxd1+ 13. Rxd1 Bd6 14. Na7+ Kb8 15. Rxd6 cxd6 16. Qd2 f5 17. h3 Bh5 18. exf5 Qf6 19. Nd5 Qd8 20. Qb4 Be8 21. Bb6 Qd7 22. Bc7+ Qxc7 23. Nxc7 Kxc7 24. Qc3+ Kb8 25. Qxg7 1-0

[Event "Scarborough CC Winter Swiss"]
[Site "Toronto CAN"]
[Date "2025.03.27"]
[Round "5.6"]
[White "Ajith, Aarush"]
[Black "Gao, Yiguo"]
[Result "1-0"]
[WhiteElo "2034"]
[BlackElo "1620"]
[WhiteFideId "-1"]
[WhiteFideId "-1"]
[PlyCount "39"]
[GameId "2228569753521192"]
[EventDate "2025.02.13"]
[EventType "swiss"]
[EventRounds "7"]
[EventCountry "CAN"]

1. d4 Nf6 2. c4 e6 3. g3 d5 4. Nf3 c5 5. cxd5 exd5 6. Nc3 Nc6 7. Bg2 Bf5 8. O-O Bd6 9. Bg5 cxd4 10. Nxd4 Be6 11. Nxd5 Bxd5 12. Bxd5 Nxd4 13. Qxd4 Qe7 14. Bxb7 Rb8 15. Bc6+ Kf8 16. Rad1 Be5 17. Qc4 Bxb2 18. Rd7 Qe8 19. Qc5+ Kg8 20. Re7 1-0

[Event "Scarborough CC Winter Swiss"]
[Site "Toronto CAN"]
[Date "2025.03.27"]
[Round "5.7"]
[White "Sekaran, Adithya"]
[Black "Guan, Marie"]
[Result "1-0"]
[WhiteElo "1758"]
[BlackElo "1715"]
[WhiteFideId "-1"]
[WhiteFideId "-1"]
[PlyCount "73"]
[GameId "2228625937632368"]
[EventDate "2025.02.13"]
[EventType "swiss"]
[EventRounds "7"]
[EventCountry "CAN"]

1. d4 Nf6 2. c4 d6 3. Nf3 Nbd7 4. Nc3 g6 5. g3 Bg7 6. Bg2 O-O 7. O-O e5 8. dxe5 Nxe5 9. Nxe5 dxe5 10. Bg5 h6 11. Qxd8 Rxd8 12. Bxf6 Bxf6 13. Nd5 Bg7 14. Nxc7 Rb8 15. Rad1 Rd4 16. b3 Bf5 17. e3 Rdd8 18. e4 Bd7 19. Rd3 Bg4 20. Rxd8+ Rxd8 21. f3 Bc8 22. Nd5 a6 23. Rc1 Be6 24. Kf2 Bf8 25. Ke2 Rc8 26. Kd3 Ba3 27. Rc2 Kf8 28. f4 exf4 29. gxf4 Bxd5 30. cxd5 Rxc2 31. Kxc2 f5 32. e5 b6 33. d6 Ke8 34. Kd3 g5 35. fxg5 hxg5 36. Kd4 Bc5+ 37. Kd5 1-0

[Event "Scarborough CC Winter Swiss"]
[Site "Toronto CAN"]
[Date "2025.03.27"]
[Round "5.8"]
[White "Kola, Venkata Saket Reddy"]
[Black "Satish Alwar, Dharsan"]
[Result "0-1"]
[WhiteElo "1701"]
[BlackElo "1743"]
[WhiteFideId "-1"]
[WhiteFideId "-1"]
[PlyCount "82"]
[GameId "2228642825096312"]
[EventDate "2025.02.13"]
[EventType "swiss"]
[EventRounds "7"]
[EventCountry "CAN"]

1. d4 d5 2. Bf4 Nf6 3. e3 e6 4. Nf3 Bd6 5. Bxd6 Qxd6 6. c4 c6 7. Nc3 b6 8. Bd3 Bb7 9. Rc1 Nbd7 10. a3 e5 11. cxd5 Nxd5 12. Nxd5 Qxd5 13. O-O exd4 14. Bc4 Qh5 15. Nxd4 Qxd1 16. Rfxd1 g6 17. Nf3 Rd8 18. Rd6 Ke7 19. Rcd1 Ne5 20. Rxd8 Nxf3+ 21. gxf3 Rxd8 22. Rxd8 Kxd8 23. Bxf7 c5 24. Kg2 Ke7 25. Bc4 Bc6 26. Kg3 b5 27. Bd3 a5 28. Kf4 Kf6 29. e4 c4 30. Be2 h6 31. Ke3 Ke5 32. f4+ Ke6 33. Kd4 Kd6 34. Bd1 Bd7 35. Bc2 Be8 36. e5+ Ke6 37. Be4 a4 38. h4 h5 39. Kc5 Ke7 40. Bc6 Bxc6 41. Kxc6 b4 0-1

[Event "Scarborough CC Winter Swiss"]
[Site "Toronto CAN"]
[Date "2025.03.27"]
[Round "5.10"]
[White "Chen, Timmy"]
[Black "Vetrivel, Jai Hanuj"]
[Result "1-0"]
[WhiteElo "1755"]
[BlackElo "1636"]
[WhiteFideId "-1"]
[WhiteFideId "-1"]
[PlyCount "99"]
[GameId "2228644700847240"]
[EventDate "2025.02.13"]
[EventType "swiss"]
[EventRounds "7"]
[EventCountry "CAN"]

1. e4 e5 2. Nf3 Nc6 3. Bb5 a6 4. Ba4 Bc5 5. c3 Nf6 6. O-O b5 7. Bb3 Ba7 8. Qe2 Bb7 9. Rd1 Ng4 10. d4 exd4 11. Bxf7+ Kf8 12. cxd4 Nf6 13. Bb3 Qe7 14. Nc3 Re8 15. Bg5 Qd6 16. e5 Qb4 17. Bxf6 gxf6 18. Nd5 Nxd4 19. Rxd4 Rxe5 20. Qxe5 Bxd4 21. Qxd4 Qxd4 22. Nxd4 c5 23. Nxf6 Ke7 24. Ng8+ Kf8 25. Nf6 Ke7 26. Bd5 cxd4 27. Bxb7 Kxf6 28. Rd1 Rb8 29. Bxa6 Ke5 30. a3 Kd5 31. Rc1 d3 32. Rd1 Kd4 33. a4 bxa4 34. Bxd3 Rxb2 35. Bxh7+ Kc3 36. Rxd7 a3 37. Rc7+ Kd4 38. Rc1 a2 39. g4 Ke5 40. Kg2 Kf4 41. h3 Kg5 42. Ra1 Kh4 43. Bg8 Rb8 44. Bxa2 Ra8 45. Re1 Rxa2 46. Re5 Rxf2+ 47. Kxf2 Kxh3 48. g5 Kh2 49. Re3 Kh1 50. Rh3# 1-0

[Event "Scarborough CC Winter Swiss"]
[Site "Toronto CAN"]
[Date "2025.03.27"]
[Round "5.11"]
[White "Surendran, Siddharth"]
[Black "Anish, Diganth"]
[Result "0-1"]
[WhiteElo "1618"]
[BlackElo "1688"]
[WhiteFideId "-1"]
[WhiteFideId "-1"]
[PlyCount "64"]
[GameId "2228647408901267"]
[EventDate "2025.02.13"]
[EventType "swiss"]
[EventRounds "7"]
[EventCountry "CAN"]

1. d4 Nf6 2. Nc3 e6 3. Bf4 d5 4. e3 a6 5. g4 h6 6. Bg2 Nbd7 7. f3 b5 8. h4 Bb7 9. a3 c5 10. Nge2 Qb6 11. Qd2 Bd6 12. Bxd6 Qxd6 13. dxc5 Qxc5 14. O-O-O O-O-O 15. g5 Ne8 16. f4 Nd6 17. Qd4 Nf5 18. Qxc5+ Nxc5 19. Rh3 hxg5 20. hxg5 Rxh3 21. Bxh3 Nxe3 22. Rg1 d4 23. Na2 Be4 24. Ng3 Bxc2 25. Kd2 Nb3+ 26. Ke2 Nc4 27. Nb4 d3+ 28. Kf3 a5 29. Nxc2 dxc2 30. Ne2 Rd1 31. Bf1 Nd4+ 32. Nxd4 c1=Q 0-1

[Event "Scarborough CC Winter Swiss"]
[Site "Toronto CAN"]
[Date "2025.03.27"]
[Round "5.12"]
[White "Chamberland, Luc"]
[Black "Balakrishnan, Shankar"]
[Result "1/2-1/2"]
[WhiteElo "1736"]
[BlackElo "1748"]
[WhiteFideId "-1"]
[WhiteFideId "-1"]
[PlyCount "105"]
[GameId "2228648837840027"]
[EventDate "2025.02.13"]
[EventType "swiss"]
[EventRounds "7"]
[EventCountry "CAN"]

1. e4 d6 2. d4 Nf6 3. Nc3 g6 4. Be3 c6 5. Bd3 e5 6. Nf3 Nbd7 7. Qd2 Ng4 8. Bg5 Be7 9. Bxe7 Qxe7 10. h3 exd4 11. Nxd4 Nge5 12. Be2 Nb6 13. O-O O-O 14. b3 f6 15. Rae1 Nf7 16. f4 Kg7 17. Bd3 Bd7 18. a4 Rae8 19. Nf3 Qd8 20. Re2 d5 21. a5 dxe4 22. Bxe4 Nc8 23. b4 Ncd6 24. Rfe1 Qc7 25. Bd3 Rxe2 26. Rxe2 Re8 27. Rxe8 Bxe8 28. Qe3 b6 29. axb6 axb6 30. Nd4 Bd7 31. Qe7 Qd8 32. Ne6+ Bxe6 33. Qxe6 Qc7 34. g3 c5 35. Nd5 Qd8 36. bxc5 bxc5 37. c4 Ne8 38. Qe7 Qxe7 39. Nxe7 Nfd6 40. Nd5 f5 41. Kf2 Nf6 42. Nxf6 Kxf6 43. Ke3 g5 44. fxg5+ Kxg5 45. Kf3 h5 46. h4+ Kf6 47. Kf4 Nf7 48. Bxf5 Ne5 49. g4 hxg4 50. Bxg4 Nxc4 51. Be2 Nd6 52. Bd3 c4 53. Bxc4 1/2-1/2